FA Cup Sieger - Statistiken

Allgemein
  • Dieses Quiz wurde 131 mal gespielt
    22 seit der letzten Aktualisierung
  • Das Durchschnittsergebnis liegt bei 20 aus 45
Antwortstatistiken
# Siege Team % Korrekt
14 Arsenal
100%
8 Chelsea
100%
1 Leicester City
100%
8 Liverpool
100%
13 Manchester United
100%
6 Newcastle United
100%
8 Tottenham Hotspur
100%
1 Crystal Palace
91%
7 Aston Villa
86%
8 Manchester City
86%
5 Everton
82%
3 West Ham United
73%
1 Leeds United
68%
4 Wolverhampton Wanderers
64%
2 Nottingham Forest
59%
4 Sheffield United
59%
1 Southampton
59%
1 Burnley
55%
3 Sheffield Wednesday
50%
2 Sunderland
50%
4 Bolton Wanderers
41%
1 Cardiff City
41%
1 Oxford University
36%
6 Blackburn Rovers
32%
1 Ipswich Town
32%
2 Portsmouth
32%
1 Derby County
27%
1 Charlton Athletic
23%
1 Coventry City
23%
5 West Bromwich Albion
23%
1 Wimbledon
23%
1 Barnsley
18%
1 Blackpool
18%
1 Wigan Athletic
18%
1 Notts County
14%
2 Preston North End
14%
1 Bradford City
9%
1 Huddersfield Town
9%
1 Blackburn Olympic
5%
2 Bury
5%
1 Clapham Rovers
5%
1 Old Carthusians
5%
2 Old Etonians
5%
1 Royal Engineers
5%
5 Wanderers
5%
Keine übereinstimmenden Quizze gefunden
Verteilung der Resultate
Anzahl Personen mit jedem Resultat
Perzentil nach korrekt beantworteten Fragen
Ihre Resultats-Entwicklung
Sie haben dieses Quiz seit der letzten Aktualisierung nicht gespielt